Čekání na smích : literární zpracování životního příběhu Karla Šípa /
Tato autorizovaná biografie vás zavede do zákulisí života muže, který se stal nedílnou součástí naší televizní scény.
Uloženo v:
| Hlavní autor: | |
|---|---|
| Další autoři: | |
| Médium: | E-kniha |
| Jazyk: | Czech |
| Vydáno: |
V Praze :
XYZ,
2025
|
| Vydání: | 1. vydání |
| Témata: | |
| Tagy: |
Žádné tagy |
| LEADER | 02719nam a2200565 i 4500 | ||
|---|---|---|---|
| 001 | 312865 | ||
| 003 | CZ PrSKC | ||
| 005 | 20260601215730.0 | ||
| 007 | ta | ||
| 008 | 251103s2025 xr acf e 000 0acze | ||
| 015 | |a cnb003718424 | ||
| 020 | |a 9788076839618 |q (vázáno) : |c Kč 399,00 | ||
| 035 | |a (OCoLC)1568016774 | ||
| 040 | |a BOA001 |b cze |e rda | ||
| 043 | |a e-xr--- | ||
| 045 | |a x4y1 | ||
| 072 | 7 | |a 7.01/.09 |x Umění |2 Konspekt | |
| 072 | 7 | |a 929 |x Biografie |2 Konspekt | |
| 080 | |a 070.42:654.198 |2 MRF | ||
| 080 | |a 78.071.1/.2 |2 MRF | ||
| 080 | |a 82-192-051 |2 MRF | ||
| 080 | |a 929 |2 MRF | ||
| 080 | |a (437.3) |2 MRF | ||
| 080 | |a (0:82-94) |2 MRF | ||
| 100 | 1 | |a Šíp, Karel, |d 1945- |7 jn99240001675 |4 aut | |
| 245 | 1 | 0 | |a Čekání na smích : |b literární zpracování životního příběhu Karla Šípa / |c Karel Šíp, Michael Čech |
| 250 | |a 1. vydání | ||
| 264 | 1 | |a V Praze : |b XYZ, |c 2025 | |
| 300 | |a 190 stran, 16 nečíslovaných stran obrazových příloh : |b ilustrace, portréty ; |c 22 cm | ||
| 336 | |a text |b txt |2 rdacontent | ||
| 337 | |a bez média |b n |2 rdamedia | ||
| 338 | |a svazek |b nc |2 rdacarrier | ||
| 520 | 2 | |a Tato autorizovaná biografie vás zavede do zákulisí života muže, který se stal nedílnou součástí naší televizní scény. |b Nečekejte suchý výčet kariérních úspěchů - tahle kniha je plná lidskosti a vzpomínek. Dozvíte se, jak vznikaly scénáře, co se dělo mimo kamery a jaké radosti i těžkosti Karla Šípa na jeho cestě provázely. Nakladatelská anotace. Kráceno. | |
| 600 | 1 | 7 | |a Šíp, Karel, |d 1945- |7 jn99240001675 |2 czenas |
| 648 | 7 | |a 20.-21. století |7 ch462155 |2 czenas | |
| 650 | 0 | 7 | |a televizní moderátoři |7 ph126512 |z Česko |y 20.-21. století |2 czenas |
| 650 | 0 | 7 | |a hudebníci |7 ph117204 |z Česko |y 20.-21. století |2 czenas |
| 650 | 0 | 7 | |a textaři |7 ph126620 |z Česko |y 20.-21. století |2 czenas |
| 650 | 0 | 9 | |a television journalists |z Czechia |y 20th-21st centuries |2 eczenas |
| 650 | 0 | 9 | |a musicians |z Czechia |y 20th-21st centuries |2 eczenas |
| 650 | 0 | 9 | |a lyricists |z Czechia |y 20th-21st centuries |2 eczenas |
| 655 | 7 | |a autobiografické vzpomínky |7 fd131854 |2 czenas | |
| 655 | 9 | |a autobiographical reminiscences |2 eczenas | |
| 700 | 1 | |a Čech, Michael, |d 1967- |7 xx0205863 |4 aut | |
| 900 | |a ABA001 |b 19 | ||
| 928 | 9 | |a Albatros Media - XYZ | |
| 044 | |a xr | ||
| 910 | |a RBIT002 | ||
| 998 | |d 423695 |a https://core.palmknihy.cz/api/books/423695/cover?t5dvkv |b https://core.palmknihy.cz/api/books/423695/cover/400?t5dvkv |c https://core.palmknihy.cz/api/books/423695/cover/50?t5dvkv |e 2035-12-31 |g 208 |i 9788076839618 |k https://core.palmknihy.cz/api/books/423695/preview.pdf |l |q 49 |r 1 |s https://www.palmknihy.cz/kniha/423695 |t ebook |y 2025 |z 0 | ||
| 999 | |d 312863 | ||